Geografia Azji na literę L - Statystyki

Ogólne statystyki
  • Ten quiz został rozwiązany 2 133 razy
    2 050 od ostatniego zresetowania
  • Średni wynik to 6 z 16
Statystyki odpowiedzi
Wskazówka Odpowiedź % Poprawnych
Państwo graniczące z Izraelem i Syrią Liban
97%
Państwo śródlądowe w Indochinach Laos
94%
Waluta Turcji Lira
75%
Narodowy kwiat Indii Lotos
55%
„Śnieżnym” typem tego dużego kota jest narodowe zwierzę Afganistanu Lampart
51%
Drugie najczęstsze koreańskie nazwisko Lee
50%
Syberyjska rzeka, która ma źródło w Górach Bajkalskich Lena
40%
Stolica Tybetu Lhasa
30%
Najludniejsza i największa wyspa na Filipinach Luzon
28%
Największy port w Cyprze Limassol
25%
Region obejmujący Jordanię, Izrael, Syria i wyżej Lewant
23%
Pseudonim Singapuru Miasto {lwa}
23%
Drugie największe miasto w Pakistanie Lahaur
15%
Morze między Malediwami, Indiami i Sri Lanką Lakkadiwskie
13%
Główna konserwatywna politycznapartia Izraelu Likud
13%
Stolica stanu Uttar Pradesh w Indiach Lucknow
9%
Nie znaleziono quizów pasujących do podanych kryteriów
Rozkład punktacji
Procent ludzi z każdym wynikiem
Percentyl według liczby udzielonych odpowiedzi
Twoja historia wyników
Nie rozwiązałeś tego quizu od ostatniego zresetowania